Normal view
MARC view
- TE-40
Entry Geographic Name
001 - CONTROL NUMBER
- control field: 131374
003 - CONTROL NUMBER IDENTIFIER
- control field: NUST
005 - DATE AND TIME OF LATEST TRANSACTION
- control field: 20251022105136.0
008 - FIXED-LENGTH DATA ELEMENTS
- fixed length control field: 251022|| aca||aabn | a|a d
040 ## - CATALOGING SOURCE
- Original cataloging agency: NUST
- Transcribing agency: NUST
151 ## - HEADING--GEOGRAPHIC NAME
- Geographic name: TE-40
670 ## - SOURCE DATA FOUND
- Source citation: Work cat.: (NUST)183546: Ashfaq , Asim Capt ( TE-40) 131373, MCS security system (using RFID technology) /, 2007
